<?xml version="1.0" encoding="UTF-8"?>
<record
    xmlns:xsi="http://www.w3.org/2001/XMLSchema-instance"
    xsi:schemaLocation="http://www.loc.gov/MARC21/slim http://www.loc.gov/standards/marcxml/schema/MARC21slim.xsd"
    xmlns="http://www.loc.gov/MARC21/slim">

  <leader>01643nam a2200277 i 4500</leader>
  <controlfield tag="003">DO-SdBNP</controlfield>
  <controlfield tag="005">20250925135321.0</controlfield>
  <controlfield tag="007">ta</controlfield>
  <controlfield tag="008">220404e2017    dr ||||frlg|| 001 0 spa d</controlfield>
  <datafield tag="040" ind1=" " ind2=" ">
    <subfield code="a">DO-SdBNP</subfield>
    <subfield code="b">spa</subfield>
    <subfield code="c">BNPHU</subfield>
    <subfield code="e">rda</subfield>
  </datafield>
  <datafield tag="082" ind1=" " ind2="4">
    <subfield code="a">342.7293068</subfield>
    <subfield code="b">M665c 2017</subfield>
    <subfield code="2">22</subfield>
  </datafield>
  <datafield tag="110" ind1="1" ind2=" ">
    <subfield code="a">Rep&#xFA;blica Dominicana</subfield>
    <subfield code="b">Ministerio de Administraci&#xF3;n P&#xFA;blica </subfield>
    <subfield code="9">65952</subfield>
  </datafield>
  <datafield tag="245" ind1="1" ind2="0">
    <subfield code="a">Compendio de normas sobre profesionalizaci&#xF3;n de la funci&#xF3;n p&#xFA;blica :</subfield>
    <subfield code="b">(Ley de Funci&#xF3;n P&#xFA;blica y sus reglamentos de aplicaci&#xF3;n) y Ley Org&#xE1;nica de Administraci&#xF3;n P&#xFA;blica, Ley no. 247-12 /</subfield>
    <subfield code="c">Presentaci&#xF3;n, Ram&#xF3;n Ventura Camejo.</subfield>
  </datafield>
  <datafield tag="264" ind1=" " ind2="4">
    <subfield code="a">Santo Domingo :</subfield>
    <subfield code="b">Ministerio de Administraci&#xF3;n P&#xFA;blica</subfield>
    <subfield code="c">2017.&#xA9;</subfield>
  </datafield>
  <datafield tag="300" ind1=" " ind2=" ">
    <subfield code="a">279 p&#xE1;ginas ;</subfield>
    <subfield code="c">21 cm.</subfield>
  </datafield>
  <datafield tag="336" ind1=" " ind2=" ">
    <subfield code="a">texto</subfield>
    <subfield code="b">txt</subfield>
    <subfield code="2">rdacontent</subfield>
  </datafield>
  <datafield tag="337" ind1=" " ind2=" ">
    <subfield code="a">sin mediaci&#xF3;n</subfield>
    <subfield code="b">n</subfield>
    <subfield code="2">rdamedia</subfield>
  </datafield>
  <datafield tag="338" ind1=" " ind2=" ">
    <subfield code="a">volumen</subfield>
    <subfield code="b">nc</subfield>
    <subfield code="2">rdacarrier</subfield>
  </datafield>
  <datafield tag="505" ind1=" " ind2=" ">
    <subfield code="a">Presentaci&#xF3;n</subfield>
    <subfield code="t">Ley No. 41-08 de Funci&#xF3;n P&#xFA;blica.--</subfield>
    <subfield code="t">Reglamento de Relaciones Laborales en la Administraci&#xF3;n P&#xFA;blica NO. 523-09.--</subfield>
    <subfield code="t">Reglamento de Reclutamiento y Selecci&#xF3;n de Personal en la Administraci&#xF3;n P&#xFA;blica No. 251-15.--</subfield>
    <subfield code="t">Reglamento de Evaluaci&#xF3;n del Desempe&#xF1;o y Promoci&#xF3;n de los Servidores y Funcionarios de la Administraci&#xF3;n P&#xFA;blica No. 525-09.--</subfield>
    <subfield code="t">Reglamento de Estructura Organizativa, Cargos y Pol&#xED;tica Salarial No. 527-09.--</subfield>
    <subfield code="t">Ley Org&#xE1;nica de Administraci&#xF3;n P&#xFA;blica (Ley No. 247-12).</subfield>
  </datafield>
  <datafield tag="590" ind1=" " ind2=" ">
    <subfield code="a">Inventariado 2022 / MF</subfield>
  </datafield>
  <datafield tag="650" ind1=" " ind2="4">
    <subfield code="a">Carrera administrativa</subfield>
    <subfield code="z">Rep&#xFA;blica Dominicana</subfield>
    <subfield code="9">35844</subfield>
  </datafield>
  <datafield tag="650" ind1=" " ind2="4">
    <subfield code="9">11090</subfield>
    <subfield code="a">Rep&#xFA;blica Dominicana</subfield>
    <subfield code="x">Ley No. 247-12</subfield>
  </datafield>
  <datafield tag="700" ind1="1" ind2=" ">
    <subfield code="9">26937</subfield>
    <subfield code="a">Ventura Camejo, Ram&#xF3;n.</subfield>
    <subfield code="e">presentaci&#xF3;n</subfield>
  </datafield>
  <datafield tag="910" ind1=" " ind2=" ">
    <subfield code="a">MFeliz</subfield>
  </datafield>
  <datafield tag="942" ind1=" " ind2=" ">
    <subfield code="2">ddc</subfield>
    <subfield code="c">LBS1</subfield>
  </datafield>
  <datafield tag="952" ind1=" " ind2=" ">
    <subfield code="0">0</subfield>
    <subfield code="1">0</subfield>
    <subfield code="2">ddc</subfield>
    <subfield code="5">1</subfield>
    <subfield code="7">0</subfield>
    <subfield code="8">DS</subfield>
    <subfield code="a">BNPHU</subfield>
    <subfield code="b">BNPHU</subfield>
    <subfield code="c">HD</subfield>
    <subfield code="d">2021-05-27</subfield>
    <subfield code="e">Donado por Pedro Jos&#xE9; Ortega Espinal</subfield>
    <subfield code="l">0</subfield>
    <subfield code="o">BNPHU PD 342.7293068 M665c 2017</subfield>
    <subfield code="p">2022-1095</subfield>
    <subfield code="r">2022-04-04</subfield>
    <subfield code="w">2022-04-04</subfield>
    <subfield code="y">LBS1</subfield>
  </datafield>
  <datafield tag="952" ind1=" " ind2=" ">
    <subfield code="0">0</subfield>
    <subfield code="1">0</subfield>
    <subfield code="2">ddc</subfield>
    <subfield code="5">1</subfield>
    <subfield code="7">0</subfield>
    <subfield code="8">PD</subfield>
    <subfield code="a">BNPHU</subfield>
    <subfield code="b">BNPHU</subfield>
    <subfield code="c">HD</subfield>
    <subfield code="d">2025-07-11</subfield>
    <subfield code="e">Donado por Rafael Grull&#xF3;n</subfield>
    <subfield code="l">0</subfield>
    <subfield code="o">BNPHU PD 342.7293068 M665c 2017</subfield>
    <subfield code="p">2025-6447</subfield>
    <subfield code="r">2025-07-11</subfield>
    <subfield code="t">e.2</subfield>
    <subfield code="w">2025-07-11</subfield>
    <subfield code="y">LBS1</subfield>
  </datafield>
  <datafield tag="999" ind1=" " ind2=" ">
    <subfield code="c">51454</subfield>
    <subfield code="d">51454</subfield>
  </datafield>
</record>
